| 000 | 00491nmm a2200169Ia 4500 | ||
|---|---|---|---|
| 008 | 251105s9999||||xx |||||||||||||||||und|| | ||
| 020 | _a9788415770480 | ||
| 041 |
_aspa _aeng _apor |
||
| 100 | _aGalindo, Fernando | ||
| 245 | 0 | _aEl derecho de la sociedad en red | |
| 264 |
_a[Madrid, España] : _bPrensas Universitarias de Zaragoza, _c2013 |
||
| 300 | _a212 páginas | ||
| 490 | _aLEFIS Series | ||
| 650 | _aLaw | ||
| 856 | _uhttps://public.digitaliapublishing.com/a/34543 | ||
| 942 | _cCF | ||
| 999 |
_c77046 _d77046 |
||